[Event "12. Open Internacional Málaga"]
[Site "Malaga ESP"]
[Date "2009.07.11"]
[Round "1.32"]
[White "Perez Pardo, Juan Carlos"]
[Black "Linares Andres, Antonio"]
[Result "1-0"]
[WhiteElo "2280"]
[BlackElo "1690"]
[PlyCount "43"]
[EventDate "2009.07.11"]
[EventType "swiss"]
[EventRounds "9"]
[EventCountry "ESP"]
[Source "lmi"]
[SourceDate "2009.07.11"]

1. d4 Nf6 2. Nf3 g6 3. c4 c5 4. Nc3 cxd4 5. Nxd4 Nc6 6. e4 d6 7. Be2 Bg7 8. Be3
Bd7 9. O-O O-O 10. Qd2 a6 11. f3 Rc8 12. Rab1 Ne5 13. b3 h5 14. h3 Kh7 15. f4
Nc6 16. Nf3 Kh8 17. a3 Qc7 18. Bd3 e5 19. f5 Ne7 20. Ng5 Nh7 21. Nxh7 Kxh7 22.
f6 1-0

[Event "12. Open Internacional Málaga"]
[Site "Malaga ESP"]
[Date "2009.07.11"]
[Round "1.33"]
[White "Acriz Ibanez, Salvador"]
[Black "Stephen, Jesse"]
[Result "0-1"]
[WhiteElo "1583"]
[BlackElo "2275"]
[PlyCount "44"]
[EventDate "2009.07.11"]
[EventType "swiss"]
[EventRounds "9"]
[EventCountry "ESP"]
[Source "lmi"]
[SourceDate "2009.07.11"]

1. Nf3 d5 2. d4 e6 3. Bf4 c5 4. e3 Nc6 5. Be2 Bd6 6. Bg5 Nge7 7. O-O O-O 8.
dxc5 Bxc5 9. Nc3 f6 10. Bh4 e5 11. a3 Be6 12. b4 Bd6 13. Nb5 Bb8 14. Nc3 Nf5
15. Bg3 e4 16. Bxb8 exf3 17. Bxf3 Rxb8 18. Bxd5 Bxd5 19. e4 Bc4 20. Qxd8 Rbxd8
21. Rad1 Nfd4 22. Rd2 Nf3+ 0-1

[Event "12. Open Internacional Málaga"]
[Site "Malaga ESP"]
[Date "2009.07.11"]
[Round "1.34"]
[White "Lasinskas, Povilas"]
[Black "Ramos Guaz, Jose Manuel"]
[Result "1-0"]
[WhiteElo "2268"]
[BlackElo "2034"]
[PlyCount "81"]
[EventDate "2009.07.11"]
[EventType "swiss"]
[EventRounds "9"]
[EventCountry "ESP"]
[Source "lmi"]
[SourceDate "2009.07.11"]

1. d4 Nf6 2. c4 g6 3. Nc3 Bg7 4. e4 d6 5. h3 O-O 6. Nf3 Nbd7 7. Qc2 a6 8. Bg5
c6 9. a4 Qa5 10. Bd2 Qc7 11. Be2 b6 12. O-O Bb7 13. Bf4 e5 14. Bh2 Rfe8 15.
Rad1 Rad8 16. b4 c5 17. bxc5 bxc5 18. dxe5 Nxe5 19. Bxe5 dxe5 20. Nd5 Bxd5 21.
cxd5 Qd6 22. Rb1 Rb8 23. Nd2 Rb4 24. Nc4 Qd7 25. a5 Qa7 26. Bd3 Nd7 27. Be2
Reb8 28. Bg4 Qc7 29. Bxd7 Qxd7 30. Nb6 Qb5 31. Qa2 Bf8 32. Rfc1 Qd3 33. Rxb4
cxb4 34. Qb1 Qb5 35. Qb2 Bc5 36. Qxe5 Rxb6 37. axb6 Qxb6 38. d6 Bxd6 39. Rc8+
Bf8 40. Qe8 Qd6 41. e5 1-0

[Event "12. Open Internacional Málaga"]
[Site "Malaga ESP"]
[Date "2009.07.11"]
[Round "1.35"]
[White "Syroyid, Ivan"]
[Black "Montero Melendez, Rafael"]
[Result "1-0"]
[WhiteElo "1933"]
[BlackElo "2249"]
[PlyCount "93"]
[EventDate "2009.07.11"]
[EventType "swiss"]
[EventRounds "9"]
[EventCountry "ESP"]
[Source "lmi"]
[SourceDate "2009.07.11"]

1. e4 d6 2. d4 Nf6 3. f3 d5 4. e5 Nfd7 5. Bd3 c5 6. c3 Nc6 7. Ne2 cxd4 8. cxd4
Nb4 9. O-O Nxd3 10. Qxd3 Nb6 11. Nbc3 Bd7 12. a4 e6 13. f4 Qc7 14. b3 Bb4 15.
Bd2 Be7 16. f5 a5 17. Rfc1 Qd8 18. Qg3 g6 19. f6 Bf8 20. Qd3 Bc6 21. Nb5 Nc8
22. Nec3 Qd7 23. Qe2 Bb4 24. Rc2 Kd8 25. Rac1 Nb6 26. Bh6 Kc8 27. Na2 Bf8 28.
Qe3 Kb8 29. Bxf8 Rxf8 30. Qh6 Rd8 31. Nd6 Nc8 32. Nxc8 Rxc8 33. Qxh7 Ka7 34.
Qh6 Rh8 35. Qd2 Kb6 36. Rc5 Rh4 37. Nc3 Qd8 38. Nb5 Qh8 39. h3 Ra6 40. Nd6 Qg8
41. Qc3 Kc7 42. Rxa5 Rb6 43. Rb5 Qa8 44. Qc5 Rxb5 45. axb5 Qa2 46. bxc6 b6 47.
Ne8+ 1-0

[Event "12. Open Internacional Málaga"]
[Site "Malaga ESP"]
[Date "2009.07.11"]
[Round "1.37"]
[White "Ferrer Escudero, Francisco Jose"]
[Black "Bermejo Martinez, Jorge"]
[Result "0-1"]
[WhiteElo "1689"]
[BlackElo "2240"]
[PlyCount "38"]
[EventDate "2009.07.11"]
[EventType "swiss"]
[EventRounds "9"]
[EventCountry "ESP"]
[Source "lmi"]
[SourceDate "2009.07.11"]

1. d4 Nf6 2. c4 Nc6 3. Nc3 e5 4. e3 Bb4 5. a3 Bxc3+ 6. bxc3 O-O 7. Bd3 d6 8.
Qc2 Qe7 9. d5 e4 10. dxc6 exd3 11. Qxd3 bxc6 12. Nf3 Ba6 13. Nd2 Ng4 14. Qd4
Ne5 15. Qe4 f5 16. Qd4 c5 17. Qd5+ Kh8 18. g3 Rab8 19. f4 Bb7 0-1

[Event "12. Open Internacional Málaga"]
[Site "Malaga ESP"]
[Date "2009.07.12"]
[Round "2.3"]
[White "Gutierrez Jimenez, Juan Manuel"]
[Black "Korneev, Oleg"]
[Result "0-1"]
[WhiteElo "2287"]
[BlackElo "2537"]
[PlyCount "92"]
[EventDate "2009.07.11"]
[EventType "swiss"]
[EventRounds "9"]
[EventCountry "ESP"]
[Source "lmi"]
[SourceDate "2009.07.11"]

1. e4 c5 2. c4 Nc6 3. Nc3 g6 4. g3 Bg7 5. Bg2 e6 6. Nge2 Nge7 7. O-O O-O 8. a3
b6 9. b4 d6 10. Rb1 Bb7 11. d3 Qd7 12. Be3 Nd4 13. f4 Rab8 14. Bf2 f5 15. Qd2
Ba8 16. Rfc1 Kh8 17. h3 Nxe2+ 18. Nxe2 e5 19. Be3 Nc6 20. Nc3 exf4 21. Bxf4 Nd4
22. Rf1 Rbe8 23. Rbe1 fxe4 24. Nxe4 Bxe4 25. Bxe4 Qxh3 26. Qg2 Qd7 27. Qh2 Nf5
28. b5 Be5 29. Bxe5+ dxe5 30. g4 Qd4+ 31. Kh1 Ne7 32. Qh6 Kg8 33. Kg2 Qd6 34.
Qg5 Kg7 35. Rh1 Ng8 36. Qh4 h6 37. Rhf1 Rxf1 38. Rxf1 Rf8 39. g5 hxg5 40. Qxg5
Rxf1 41. Kxf1 Qf6+ 42. Qxf6+ Nxf6 43. Bc6 g5 44. Kf2 Kg6 45. Kg3 Kf5 46. Bb7 e4
0-1

[Event "12. Open Internacional Málaga"]
[Site "Malaga ESP"]
[Date "2009.07.12"]
[Round "2.5"]
[White "Terron Elena, Francisco M"]
[Black "Rivas Pastor, Manuel"]
[Result "1/2-1/2"]
[WhiteElo "2282"]
[BlackElo "2525"]
[PlyCount "86"]
[EventDate "2009.07.11"]
[EventType "swiss"]
[EventRounds "9"]
[EventCountry "ESP"]
[Source "lmi"]
[SourceDate "2009.07.11"]

1. d4 e6 2. c4 b6 3. e4 Bb7 4. Bd3 Nc6 5. Nf3 Nb4 6. Nc3 Nxd3+ 7. Qxd3 Bb4 8.
O-O Bxc3 9. bxc3 Ne7 10. Ba3 d6 11. Rfe1 Qd7 12. c5 dxc5 13. Qc4 O-O 14. dxc5
Rfd8 15. Ne5 Qe8 16. cxb6 cxb6 17. Qc7 Nc6 18. Nc4 Ba6 19. Nd6 Qd7 20. Qxd7
Rxd7 21. e5 Rad8 22. f4 Ne7 23. c4 Nf5 24. Rac1 Bb7 25. Nxf5 exf5 26. Bd6 h6
27. h4 Kh7 28. Rc3 Rc8 29. Rec1 Be4 30. Kf2 Rc6 31. g3 Kg6 32. Ke3 Kh5 33. g4+
Kxg4 34. Rg1+ Kh5 35. Rxg7 Rc8 36. Kd4 Re8 37. Rcg3 Re6 38. Rh7 Kxh4 39. Rgg7
Rexd6+ 40. exd6 Rxd6+ 41. Ke3 Rd3+ 42. Ke2 Rd6 43. Ke3 Rd3+ 1/2-1/2

[Event "12. Open Internacional Málaga"]
[Site "Malaga ESP"]
[Date "2009.07.12"]
[Round "2.6"]
[White "Kurajica, Bojan"]
[Black "Perez Pardo, Juan Carlos"]
[Result "0-1"]
[WhiteElo "2524"]
[BlackElo "2280"]
[PlyCount "114"]
[EventDate "2009.07.11"]
[EventType "swiss"]
[EventRounds "9"]
[EventCountry "ESP"]
[Source "lmi"]
[SourceDate "2009.07.11"]

1. d4 d5 2. Nf3 Nf6 3. c4 e6 4. Qc2 Be7 5. Nbd2 O-O 6. a3 Nbd7 7. b4 a5 8. b5
c5 9. cxd5 exd5 10. Bb2 c4 11. g3 Nb6 12. Ne5 Ne8 13. e4 f6 14. Nef3 Be6 15.
exd5 Bxd5 16. Bh3 a4 17. O-O Nd6 18. Nh4 Re8 19. Nf5 Bf8 20. Ne3 Bf7 21. d5
Nxd5 22. Nexc4 Nxb5 23. Bf5 g6 24. Bh3 Nbc7 25. Ne4 f5 26. Ned2 Bg7 27. Rfe1 b5
28. Ne5 Qd6 29. Ndf3 Rac8 30. Rad1 Qb6 31. Bd4 Qa6 32. Qb2 Ne6 33. Nxf7 Nxd4
34. Nxd4 Kxf7 35. Rxe8 Kxe8 36. Qe2+ Kf7 37. Nxb5 Qe6 38. Qa2 Nc3 39. Nxc3 Bxc3
40. Qc2 Rc4 41. Bf1 Rc7 42. Qxa4 Kg7 43. Qa8 Qb6 44. Qd8 Qa7 45. a4 Ba5 46. Bc4
Bc3 47. Rd3 Be1 48. Qg8+ Kh6 49. Rf3 Qd4 50. Rf4 Bxf2+ 51. Kg2 Qe3 52. Qf8+ Kg5
53. Qd8+ Re7 54. Bd5 Be1 55. h4+ Kh6 56. Qf8+ Rg7 57. Bf3 Qf2+ 0-1

[Event "12. Open Internacional Málaga"]
[Site "Malaga ESP"]
[Date "2009.07.12"]
[Round "2.7"]
[White "Gavilan Diaz, Mario"]
[Black "Strikovic, Aleksa"]
[Result "0-1"]
[WhiteElo "2280"]
[BlackElo "2523"]
[PlyCount "60"]
[EventDate "2009.07.11"]
[EventType "swiss"]
[EventRounds "9"]
[EventCountry "ESP"]
[Source "lmi"]
[SourceDate "2009.07.11"]

1. d4 d6 2. c4 e5 3. Nf3 e4 4. Ng5 Nf6 5. Nc3 Qe7 6. Qc2 Nc6 7. d5 Nd4 8. Qd1
Nf5 9. e3 h6 10. Nh3 g5 11. Ng1 Bg7 12. Nge2 O-O 13. Ng3 Nh4 14. Qc2 Re8 15. b3
Ng4 16. h3 Nxf2 17. Kxf2 Qf6+ 18. Ke2 Qxc3 19. Qxc3 Bxc3 20. Rb1 Be5 21. Kf2 f5
22. Bb2 f4 23. Nh5 Rf8 24. Bxe5 dxe5 25. Re1 Bf5 26. g3 fxg3+ 27. Kxg3 Bg6 28.
Kg4 Rf5 29. Ng3 Raf8 30. c5 Rf4+ 0-1

[Event "12. Open Internacional Málaga"]
[Site "Malaga ESP"]
[Date "2009.07.12"]
[Round "2.8"]
[White "Ibarra Jerez, Jose Carlos"]
[Black "Lasinskas, Povilas"]
[Result "1-0"]
[WhiteElo "2517"]
[BlackElo "2268"]
[PlyCount "97"]
[EventDate "2009.07.11"]
[EventType "swiss"]
[EventRounds "9"]
[EventCountry "ESP"]
[Source "lmi"]
[SourceDate "2009.07.11"]

1. e4 c5 2. Nf3 d6 3. d4 cxd4 4. Nxd4 Nf6 5. Nc3 e6 6. Be3 Nc6 7. Qd2 Bd7 8.
Ndb5 Ng4 9. Bf4 e5 10. Bg3 Be6 11. O-O-O Qa5 12. f3 Nf6 13. Nxd6+ Bxd6 14. Qxd6
Rd8 15. Qa3 Rxd1+ 16. Kxd1 Qxa3 17. bxa3 Ke7 18. Bb5 Nh5 19. Bxc6 Nxg3 20. hxg3
bxc6 21. Ke2 Bc4+ 22. Ke3 h6 23. Rb1 Rd8 24. Rb4 Be6 25. a4 Kd6 26. a5 Kc5 27.
a3 Kd6 28. f4 f6 29. Na4 Rd7 30. Nb2 c5 31. Rb8 c4 32. Na4 Kc7 33. Re8 Bf7 34.
Rf8 Kd6 35. Nc3 Ke7 36. Ra8 Kd6 37. Nb5+ Kc6 38. a4 Bh5 39. fxe5 fxe5 40. Rxa7
Rxa7 41. Nxa7+ Kb7 42. Nb5 Ka6 43. Nd6 Kxa5 44. Nxc4+ Kxa4 45. Nxe5 Kb4 46. Kd4
Be2 47. g4 h5 48. gxh5 Bxh5 49. c4 1-0

[Event "12. Open Internacional Málaga"]
[Site "Malaga ESP"]
[Date "2009.07.12"]
[Round "2.9"]
[White "Tratar, Marko"]
[Black "Naranjo Moreno, Antonio"]
[Result "1-0"]
[WhiteElo "2494"]
[BlackElo "2244"]
[PlyCount "33"]
[EventDate "2009.07.11"]
[EventType "swiss"]
[EventRounds "9"]
[EventCountry "ESP"]
[Source "lmi"]
[SourceDate "2009.07.11"]

1. d4 Nf6 2. c4 g6 3. Nc3 Bg7 4. e4 d6 5. Nf3 O-O 6. h3 c5 7. d5 e6 8. Bd3 exd5
9. cxd5 b5 10. Nxb5 Nxe4 11. Bxe4 Re8 12. Ng5 Qa5+ 13. Nc3 h6 14. Ne6 Ba6 15.
Bd2 fxe6 16. dxe6 Rxe6 17. Qg4 1-0

[Event "12. Open Internacional Málaga"]
[Site "Malaga ESP"]
[Date "2009.07.12"]
[Round "2.10"]
[White "Stephen, Jesse"]
[Black "Levin, Felix"]
[Result "1/2-1/2"]
[WhiteElo "2275"]
[BlackElo "2491"]
[PlyCount "56"]
[EventDate "2009.07.11"]
[EventType "swiss"]
[EventRounds "9"]
[EventCountry "ESP"]
[Source "lmi"]
[SourceDate "2009.07.11"]

1. Nf3 Nf6 2. c4 e6 3. g3 d5 4. Bg2 dxc4 5. Qc2 a6 6. Ne5 Nd5 7. Nxc4 b5 8. Ne3
c6 9. d4 Bb7 10. O-O Be7 11. Nd2 Nxe3 12. fxe3 Nd7 13. Nb3 Qb6 14. Bd2 b4 15.
a3 a5 16. axb4 axb4 17. Rxa8+ Bxa8 18. Ra1 O-O 19. Na5 Rc8 20. Qa4 e5 21. Nc4
Qd8 22. Bxb4 exd4 23. exd4 c5 24. Qxa8 Rxa8 25. Rxa8 Nb8 26. Bxc5 Bxc5 27. dxc5
h6 28. Nd6 Qc7 1/2-1/2

[Event "12. Open Internacional Málaga"]
[Site "Malaga ESP"]
[Date "2009.07.12"]
[Round "2.11"]
[White "Fernandez Romero, Ernesto"]
[Black "Cuenca Jimenez, Francisco Javier"]
[Result "1-0"]
[WhiteElo "2461"]
[BlackElo "2174"]
[PlyCount "55"]
[EventDate "2009.07.11"]
[EventType "swiss"]
[EventRounds "9"]
[EventCountry "ESP"]
[Source "lmi"]
[SourceDate "2009.07.11"]

1. e4 d5 2. exd5 Nf6 3. Nf3 Nxd5 4. d4 Bf5 5. Nh4 Bc8 6. g3 e6 7. Bg2 Be7 8.
Nf3 O-O 9. O-O Nd7 10. c4 N5f6 11. Qe2 c6 12. Nc3 Re8 13. Rd1 Nf8 14. Ne5 Ng6
15. h4 Qc7 16. h5 Nxe5 17. dxe5 Nd7 18. Bf4 b6 19. Nb5 Qb7 20. Nd6 Bxd6 21.
Rxd6 Nb8 22. h6 g6 23. Rad1 Qc7 24. Qg4 Qe7 25. Bg5 Qc7 26. Bd8 f5 27. Bxc7
fxg4 28. Rd8 1-0

[Event "12. Open Internacional Málaga"]
[Site "Malaga ESP"]
[Date "2009.07.12"]
[Round "2.12"]
[White "Bermejo Martinez, Jorge"]
[Black "Larino Nieto, David"]
[Result "1-0"]
[WhiteElo "2240"]
[BlackElo "2455"]
[PlyCount "64"]
[EventDate "2009.07.11"]
[EventType "swiss"]
[EventRounds "9"]
[EventCountry "ESP"]
[Source "lmi"]
[SourceDate "2009.07.11"]

1. d4 Nf6 2. Nf3 c5 3. d5 b5 4. Bg5 Bb7 5. Bxf6 gxf6 6. e4 Qa5+ 7. Qd2 Qb6 8.
a4 a6 9. Na3 f5 10. exf5 Bh6 11. Qc3 Rg8 12. Rd1 c4 13. Qb4 Be3 14. fxe3 Qxe3+
15. Be2 Rxg2 16. Rd2 Bxd5 17. Rf1 Bxf3 18. Rxf3 Rg1+ 19. Rf1 Rxf1+ 20. Kxf1
Qf4+ 21. Ke1 Qh4+ 22. Kf1 Nc6 23. Qc3 O-O-O 24. Qg3 Qf6 25. axb5 axb5 26. Rd5
Qxb2 27. Rxb5 Qa1+ 28. Rb1 Qf6 29. Nxc4 Qxf5+ 30. Ke1 Re8 31. Qb3 Rg8 32. Qb7+
Kd8 1-0

[Event "12. Open Internacional Málaga"]
[Site "Malaga ESP"]
[Date "2009.07.12"]
[Round "2.13"]
[White "Bellon Lopez, Juan Manuel"]
[Black "Weber, Francois"]
[Result "1-0"]
[WhiteElo "2445"]
[BlackElo "2164"]
[PlyCount "81"]
[EventDate "2009.07.11"]
[EventType "swiss"]
[EventRounds "9"]
[EventCountry "ESP"]
[Source "lmi"]
[SourceDate "2009.07.11"]

1. d4 f5 2. g3 Nf6 3. Bg2 g6 4. b3 Bg7 5. Bb2 O-O 6. Nf3 d5 7. O-O Be6 8. Nbd2
Bf7 9. Ng5 Nbd7 10. c4 c6 11. Qc2 Qa5 12. a4 Rae8 13. e3 Kh8 14. Nxf7+ Rxf7 15.
cxd5 Nxd5 16. Rac1 e6 17. Nf3 Qd8 18. Ne1 N7f6 19. Nd3 Bf8 20. Ne5 Rg7 21. Qe2
Qb6 22. Qd3 Nb4 23. Qd1 Nbd5 24. Re1 Bb4 25. Re2 Qa5 26. f3 Qd8 27. e4 Nc7 28.
Qc2 Rf8 29. Rd1 Be7 30. Kh1 Qe8 31. Qc3 Rfg8 32. b4 a6 33. Qb3 g5 34. b5 axb5
35. axb5 fxe4 36. fxe4 Qh5 37. g4 Nxg4 38. Bf3 Qh3 39. Nxg4 Rf8 40. Re3 h5 41.
Be2 1-0

[Event "12. Open Internacional Málaga"]
[Site "Malaga ESP"]
[Date "2009.07.12"]
[Round "2.15"]
[White "Djuric, Stefan"]
[Black "Yeo, Michael J"]
[Result "1/2-1/2"]
[WhiteElo "2437"]
[BlackElo "2136"]
[PlyCount "100"]
[EventDate "2009.07.11"]
[EventType "swiss"]
[EventRounds "9"]
[EventCountry "ESP"]
[Source "lmi"]
[SourceDate "2009.07.11"]

1. e4 e5 2. Nf3 Nc6 3. Bb5 a6 4. Ba4 d6 5. c4 Bg4 6. h3 Bxf3 7. Qxf3 Nf6 8.
Bxc6+ bxc6 9. d3 Nd7 10. O-O Be7 11. Nc3 Nc5 12. Qd1 O-O 13. f4 Ne6 14. f5 Nd4
15. Qg4 Kh8 16. Rf2 h6 17. g3 Bg5 18. h4 Bxc1 19. Rxc1 f6 20. Kg2 Qe8 21. Rcf1
Kg8 22. Qd1 Kf7 23. Ne2 Nxe2 24. Qxe2 c5 25. Rh1 Ke7 26. Qg4 Qf7 27. Qd1 Qe8
28. h5 Rb8 29. Rh4 Rh8 30. Rg4 Rh7 31. Rg6 Rb6 32. Qd2 Qa4 33. b3 Qb4 34. Qc1
a5 35. g4 a4 36. bxa4 Qxa4 37. g5 hxg5 38. Rxg5 Qe8 39. Rg6 Qh8 40. h6 Rxh6 41.
Rxh6 Qxh6 42. Qxh6 gxh6 43. Kf3 Kf7 44. Rh2 Kg7 45. Rg2+ Kf7 46. Rg6 h5 47. Rh6
Kg7 48. Rg6+ Kf7 49. Rh6 Kg7 50. Rg6+ Kf7 1/2-1/2

[Event "12. Open Internacional Málaga"]
[Site "Malaga ESP"]
[Date "2009.07.12"]
[Round "2.17"]
[White "Mogranzini, Roberto"]
[Black "Pascual Palomo, Lucia"]
[Result "1-0"]
[WhiteElo "2415"]
[BlackElo "2116"]
[PlyCount "81"]
[EventDate "2009.07.11"]
[EventType "swiss"]
[EventRounds "9"]
[EventCountry "ESP"]
[Source "lmi"]
[SourceDate "2009.07.11"]

1. e4 e6 2. d4 d5 3. Nd2 Nf6 4. e5 Nfd7 5. Bd3 c5 6. c3 Nc6 7. Ne2 cxd4 8. cxd4
f6 9. exf6 Nxf6 10. O-O Bd6 11. Nf3 O-O 12. Bf4 Bxf4 13. Nxf4 Ne4 14. Qc1 Bd7
15. Qe3 Qc7 16. g3 Rae8 17. Bxe4 dxe4 18. Qxe4 e5 19. Qd5+ Kh8 20. Nxe5 Nxe5
21. dxe5 Rxe5 22. Qd4 Bc6 23. Rae1 Rfe8 24. Rxe5 Qxe5 25. Qxe5 Rxe5 26. h4 g6
27. Rc1 Kg7 28. b3 h6 29. a4 Re4 30. Kf1 g5 31. hxg5 hxg5 32. Ne2 Kf6 33. Ke1
Bd5 34. Rc3 Ke5 35. Kd2 Rb4 36. Kc2 Re4 37. f4+ gxf4 38. gxf4+ Ke6 39. Kd3 a6
40. Rc5 Kd6 41. Rxd5+ 1-0

[Event "12. Open Internacional Málaga"]
[Site "Malaga ESP"]
[Date "2009.07.12"]
[Round "2.18"]
[White "Schmidt, Ralf"]
[Black "Karim, Ismael"]
[Result "0-1"]
[WhiteElo "2171"]
[BlackElo "2406"]
[PlyCount "44"]
[EventDate "2009.07.11"]
[EventType "swiss"]
[EventRounds "9"]
[EventCountry "ESP"]
[Source "lmi"]
[SourceDate "2009.07.11"]

1. e4 e5 2. d4 exd4 3. Qxd4 Nc6 4. Qe3 Nf6 5. Nc3 Nb4 6. Bd3 d5 7. Nxd5 Nfxd5
8. exd5+ Be7 9. c4 O-O 10. Ne2 Bc5 11. Qg3 Bd6 12. Bf4 Bxf4 13. Nxf4 Re8+ 14.
Ne2 Bg4 15. Bxh7+ Kxh7 16. Qxg4 Nc2+ 17. Kd2 Nxa1 18. Qf5+ Kg8 19. Rxa1 Qh4 20.
Rc1 Re4 21. g3 Qe7 22. b3 Rxe2+ 0-1

[Event "12. Open Internacional Málaga"]
[Site "Malaga ESP"]
[Date "2009.07.12"]
[Round "2.19"]
[White "Quillan, Gary"]
[Black "Escalante Ortega, Fernando"]
[Result "1-0"]
[WhiteElo "2405"]
[BlackElo "1865"]
[PlyCount "47"]
[EventDate "2009.07.11"]
[EventType "swiss"]
[EventRounds "9"]
[EventCountry "ESP"]
[Source "lmi"]
[SourceDate "2009.07.11"]

1. e4 c5 2. Nf3 Nc6 3. Bb5 d6 4. O-O Bd7 5. c3 Nf6 6. Re1 d5 7. exd5 Nxd5 8. d4
Qb6 9. Na3 cxd4 10. Nxd4 e6 11. Nc4 Qc7 12. Nxe6 Bxe6 13. Qxd5 Rd8 14. Qe4 Bd6
15. Nxd6+ Qxd6 16. Bf4 Qc5 17. Bd3 Ne7 18. Rad1 Nd5 19. Be5 Nf6 20. Qa4+ Ke7
21. Bd4 Qd5 22. Qb4+ Ke8 23. Bxf6 gxf6 24. Bb5+ 1-0

[Event "12. Open Internacional Málaga"]
[Site "Malaga ESP"]
[Date "2009.07.12"]
[Round "2.20"]
[White "Guadamuro Torrente, Ana Isabel"]
[Black "Fierro Baquero, Martha L"]
[Result "0-1"]
[WhiteElo "2136"]
[BlackElo "2394"]
[PlyCount "134"]
[EventDate "2009.07.11"]
[EventType "swiss"]
[EventRounds "9"]
[EventCountry "ESP"]
[Source "lmi"]
[SourceDate "2009.07.11"]

1. e4 c5 2. Nf3 Nc6 3. d4 cxd4 4. Nxd4 g6 5. Nc3 Bg7 6. Be3 Nf6 7. Be2 O-O 8.
O-O d5 9. exd5 Nxd5 10. Nxd5 Qxd5 11. Bf3 Qa5 12. Nxc6 bxc6 13. c3 Rb8 14. Qc2
Bf5 15. Be4 Bxe4 16. Qxe4 Bf6 17. b4 Qa4 18. Bd4 Bxd4 19. Qxd4 Rfd8 20. Qc4 Rd5
21. Qb3 Qa6 22. Rad1 Rbd8 23. Rxd5 Rxd5 24. g3 Rd2 25. a3 Qd3 26. Qa4 Qd7 27.
c4 h5 28. h4 e5 29. Qa5 Re2 30. Qc5 Kh7 31. Qf8 e4 32. c5 Qd5 33. Qd6 Qxd6 34.
cxd6 Rd2 35. Re1 f5 36. f3 Rxd6 37. fxe4 Re6 38. e5 g5 39. Kf2 Kg6 40. Kf3 Re8
41. Rd1 gxh4 42. gxh4 Rxe5 43. Rd6+ Kf7 44. Rxc6 Re4 45. Rc7+ Kg6 46. Rxa7 Rxh4
47. b5 Kg5 48. b6 Rh3+ 49. Kg2 Rb3 50. b7 f4 51. a4 Kg4 52. Ra8 Rb2+ 53. Kg1
Rxb7 54. Rg8+ Kf3 55. a5 Rb5 56. a6 Ra5 57. Rg6 Ra1+ 58. Kh2 Ke3 59. Re6+ Kf2
60. Rb6 Kf3 61. Rh6 Ra2+ 62. Kh3 Kf2 63. Rxh5 f3 64. Rh6 Kf1 65. Kg4 f2 66.
Rh1+ Ke2 67. Kg3 Rxa6 0-1

[Event "12. Open Internacional Málaga"]
[Site "Malaga ESP"]
[Date "2009.07.12"]
[Round "2.22"]
[White "Gutierrez Castillo, Paloma"]
[Black "Cruz Ravina, Francisco Javier"]
[Result "1/2-1/2"]
[WhiteElo "2132"]
[BlackElo "2345"]
[PlyCount "160"]
[EventDate "2009.07.11"]
[EventType "swiss"]
[EventRounds "9"]
[EventCountry "ESP"]
[Source "lmi"]
[SourceDate "2009.07.11"]

1. e4 e5 2. Nf3 Qe7 3. Bc4 d6 4. d3 h6 5. c3 Nf6 6. O-O Bg4 7. Qb3 c6 8. Nbd2
b5 9. Bxb5 cxb5 10. Qxb5+ Qd7 11. Qb3 Nc6 12. d4 Rb8 13. Qc2 Be7 14. d5 Nd8 15.
h3 Bh5 16. Nh4 Nxd5 17. Nf5 Nf4 18. Nxg7+ Kf8 19. Nxh5 Nxh5 20. Nc4 Ne6 21. Rd1
Qc6 22. b3 Nhf4 23. Kh2 Ng5 24. Bxf4 exf4 25. f3 Ne6 26. Qf2 Qc5 27. Qxc5 Nxc5
28. Nxd6 Bxd6 29. Rxd6 Ke7 30. Rd5 Rbc8 31. c4 Rhd8 32. Rb1 Rxd5 33. exd5 Nd3
34. Rd1 Ne5 35. Rd4 a5 36. Rxf4 f6 37. Re4 Kd7 38. f4 Nd3 39. Re6 Nc1 40. Rxf6
Nxa2 41. Rxh6 Nc1 42. Rb6 Ke7 43. f5 a4 44. bxa4 Nd3 45. Re6+ Kd7 46. f6 Rxc4
47. Re3 Nf4 48. f7 Rc8 49. Rf3 Ng6 50. a5 Ke7 51. d6+ Kd7 52. Rf6 Nf8 53. g4
Ne6 54. a6 Rf8 55. a7 Kxd6 56. Kg3 Ke7 57. Rf5 Ra8 58. g5 Rxa7 59. g6 Kf8 60.
Re5 Ra6 61. h4 Kg7 62. h5 Nf8 63. Rg5 Ra3+ 64. Kg2 Ra2+ 65. Kf3 Ra3+ 66. Ke4
Ra4+ 67. Kd3 Rh4 68. Ke3 Nd7 69. Rd5 Nf8 70. Kf3 Rxh5 71. Rxh5 Kxg6 72. Ra5
Kxf7 73. Ra6 Nd7 74. Kg4 Nf6+ 75. Kf5 Nd7 76. Rh6 Nf8 77. Rh2 Ke7 78. Re2+ Kf7
79. Ra2 Ke7 80. Ra7+ Nd7 1/2-1/2

[Event "12. Open Internacional Málaga"]
[Site "Malaga ESP"]
[Date "2009.07.12"]
[Round "2.23"]
[White "Osuna Vega, Enrique"]
[Black "Khamrakulov, Ibragim S"]
[Result "0-1"]
[WhiteElo "2113"]
[BlackElo "2553"]
[PlyCount "80"]
[EventDate "2009.07.11"]
[EventType "swiss"]
[EventRounds "9"]
[EventCountry "ESP"]
[Source "lmi"]
[SourceDate "2009.07.11"]

1. d4 Nf6 2. Nf3 g6 3. Nc3 d5 4. Bf4 Bg7 5. e3 O-O 6. Be2 c5 7. Ne5 cxd4 8.
exd4 Nc6 9. Rb1 Qb6 10. Nxc6 bxc6 11. Be5 Nd7 12. Bxg7 Kxg7 13. O-O e5 14. dxe5
Nxe5 15. Na4 Qb4 16. c3 Qd6 17. Qd4 f6 18. Nc5 Bf5 19. Rbd1 Rfe8 20. Rfe1 Re7
21. g4 Bd7 22. Ne4 Qe6 23. Nc5 Qf7 24. h3 Rae8 25. Qd2 g5 26. f4 gxf4 27. Qxf4
Bc8 28. Qf2 Qg6 29. Rf1 h5 30. Bd3 Nxd3 31. Nxd3 hxg4 32. Nf4 Qg5 33. h4 Qf5
34. h5 Ba6 35. Ng6 Qxf2+ 36. Rxf2 Re3 37. Kg2 Be2 38. Rc1 Bf3+ 39. Kg3 R8e4 40.
Nh4 Bh1+ 0-1

[Event "12. Open Internacional Málaga"]
[Site "Malaga ESP"]
[Date "2009.07.12"]
[Round "2.24"]
[White "Vinas Guerrero, Carlos A"]
[Black "Carlsson, Pontus"]
[Result "0-1"]
[WhiteElo "2104"]
[BlackElo "2494"]
[PlyCount "54"]
[EventDate "2009.07.11"]
[EventType "swiss"]
[EventRounds "9"]
[EventCountry "ESP"]
[Source "lmi"]
[SourceDate "2009.07.11"]

1. e4 c5 2. Nf3 d6 3. c3 Nf6 4. Be2 Bd7 5. d3 g6 6. O-O Bg7 7. Re1 Nc6 8. Bf1
O-O 9. h3 e5 10. d4 exd4 11. cxd4 cxd4 12. Nxd4 Nxd4 13. Qxd4 Bc6 14. Qd3 Re8
15. Nc3 d5 16. e5 Nd7 17. f4 f6 18. Be3 fxe5 19. Nxd5 exf4 20. Nxf4 Qf6 21.
Rab1 Kh8 22. Qa3 a6 23. Bc4 Re4 24. Nd5 Qe5 25. Qb3 b5 26. Bf2 bxc4 27. Rxe4
Qxe4 0-1

[Event "12. Open Internacional Málaga"]
[Site "Malaga ESP"]
[Date "2009.07.12"]
[Round "2.27"]
[White "Montero Melendez, Rafael"]
[Black "Roman Lopez, Jesus"]
[Result "1-0"]
[WhiteElo "2249"]
[BlackElo "1892"]
[PlyCount "67"]
[EventDate "2009.07.11"]
[EventType "swiss"]
[EventRounds "9"]
[EventCountry "ESP"]
[Source "lmi"]
[SourceDate "2009.07.11"]

1. d4 Nc6 2. c4 e5 3. d5 Nce7 4. e4 Ng6 5. a3 Nf6 6. Nc3 Bc5 7. Bd3 O-O 8. b4
Bd4 9. Nge2 c5 10. Nxd4 cxd4 11. Ne2 a5 12. Rb1 d6 13. O-O Re8 14. Re1 axb4 15.
axb4 Qb6 16. Bg5 Bd7 17. Ng3 Bg4 18. f3 Bc8 19. Bxf6 gxf6 20. Nh5 Kh8 21. Qd2
Rg8 22. Nxf6 Rg7 23. Nh5 Rg8 24. Qg5 Qd8 25. Qxd8 Rxd8 26. Ra1 Bd7 27. g3 Bh3
28. g4 Nh4 29. Kf2 Rxa1 30. Rxa1 Rg8 31. Kg3 Bg2 32. Kxh4 Bxf3 33. Nf6 Rg6 34.
g5 1-0